MARC

LEADER 00000nam0a2200000 4500
001 291693
005 20231102000420.0
035 |a (RuTPU)RU\TPU\book\316272 
090 |a 291693 
100 |a 20150416d1983 m y0rusy50 ca 
101 0 |a rus 
102 |a RU 
105 |a y z 001zy 
200 1 |a Опыт ускорения научно-технического прогресса на промышленных предприятиях  |f Г. В. Анфиногентов, Е. Г. Яковенко 
210 |a Саратов  |c Приволжское книжное издательство  |d 1983 
215 |a 224 с. 
320 |a Библиогр. в тексте 
606 1 |a Промышленные предприятия  |x Внедрение передовой технологии и техники  |x Управление  |x Автоматизация  |2 stltpush  |3 (RuTPU)RU\TPU\subj\52582  |9 70994 
610 1 |a экономика 
610 1 |a технический прогресс 
610 1 |a управление 
610 1 |a промышленная продукция 
610 1 |a стандартизация 
610 1 |a унификация 
610 1 |a механизация 
610 1 |a материалоемкость 
610 1 |a промышленные изделия 
610 1 |a техническое перевооружение 
675 |a 658.589.012  |v 3 
700 1 |a Анфиногентов  |b Г. В.  |g Геннадий Васильевич 
701 1 |a Яковенко  |b Е. Г.  |g Евгений Георгиевич 
801 1 |a RU  |b 63413507  |c 20150416 
801 2 |a RU  |b 63413507  |c 20180420  |g RCR 
942 |c BK